Online
Catalog

Thomas Jefferson : (Record no. 20812)

MARC details
000 -CABECERA
campo de control de longitud fija 00861nam a2200241 a 4500
001 - NÚMERO DE CONTROL
campo de control 000021312
005 - FECHA Y HORA DE LA ÚLTIMA TRANSACCIÓN
campo de control 20250424134023.0
008 - DATOS DE LONGITUD FIJA--INFORMACIÓN GENERAL
campo de control de longitud fija 100904s1990 mx a r 000 0 spa d
020 ## - NÚMERO INTERNACIONAL ESTÁNDAR DEL LIBRO
Número Internacional Estándar del Libro 9688881872
040 ## - FUENTE DE LA CATALOGACIÓN
Centro catalogador/agencia de origen DO-SdBNP
Lengua de catalogación spa
Centro/agencia transcriptor BNPHU
041 17 - CÓDIGO DE LENGUA
Código de lengua del texto/banda sonora o título independiente spa
Código de lengua original eng
Fuente del código Código de idioma MARC
082 ## - NÚMERO DE LA CLASIFICACIÓN DECIMAL DEWEY
Número de clasificación 144
Número de documento/Ítem L523t
049 ## - FONDOS LOCALES (OCLC)
Fondos de biblioteca BNGR
100 1# - ENTRADA PRINCIPAL--NOMBRE DE PERSONA
Nombre de persona Lehmann, Karl,
Fechas asociadas al nombre 1936-
9 (RLIN) 44535
240 10 - TÍTULO UNIFORME
Título uniforme Thomas Jefferson, american humanist.
Lenguaje de la obra Español.
245 10 - MENCIÓN DE TÍTULO
Título Thomas Jefferson :
Resto del título humanista americano /
Mención de responsabilidad, etc. Karl Lehmann ; traducción de Gerardo Ferrer.
260 ## - PUBLICACIÓN, DISTRIBUCIÓN, ETC.
Lugar de publicación, distribución, etc. México :
Nombre del editor, distribuidor, etc. Prisma,
Fecha de publicación, distribución, etc. 1990.
300 ## - DESCRIPCIÓN FÍSICA
Extensión 254 p. :
Otras características físicas il. ;
Dimensiones 22 cm.
534 ## - NOTA SOBRE LA VERSIÓN ORIGINAL
Frase introductoria Título original en inglés:
Mención de título del original Thomas Jefferson, american humanist.
Publicación, distribución, etc. del original University of Virginia, 1985
600 10 - PUNTO DE ACCESO ADICIONAL DE MATERIA--NOMBRE DE PERSONA
Nombre de persona JEFFERSON, THOMAS,
Fechas asociadas al nombre 1743-1826
9 (RLIN) 44536
650 #0 - PUNTO DE ACCESO ADICIONAL DE MATERIA--TÉRMINO DE MATERIA
Término de materia o nombre geográfico como elemento de entrada Humanismo
9 (RLIN) 33685
700 1# - PUNTO DE ACCESO ADICIONAL--NOMBRE DE PERSONA
Nombre de persona Ferrer, Gerardo,
Término indicativo de función/relación tr.
9 (RLIN) 44537
Holdings
Estado de retiro Estado de pérdida Restricciones de uso No para préstamo Código de colección Localización permanente Ubicación/localización actual Ubicación en estantería Fecha de adquisición Número de inventario Total de préstamos Signatura topográfica completa Código de barras Fecha visto por última vez Precio válido a partir de Tipo de ítem Koha
    Préstamo interno   Monografías: Libros y Folletos General General En catalogación 04.09.2010 LF1   144 L523t 21312-10 25.06.2020 25.06.2020 Préstamo interno

Powered by Koha